| 000 | 00677nam a22001817a 4500 | ||
|---|---|---|---|
| 005 | 20251108175322.0 | ||
| 008 | 250721s2014 xx 000 0 ara d | ||
| 082 | 1 | 4 | _aم/216.1/أبن |
| 100 | 1 |
_aالشافعي، جلال الدين محمد بن احمد المحلي _eشارح |
|
| 245 | 1 | 0 | _aجامع شروح الورقات لإمام الحرمين الجويني في أصول الفقه / |
| 264 | 1 |
_aالقاهرة : _bشركة القدس، _c2014. |
|
| 300 | _a593ص. | ||
| 650 | 1 | 7 | _aالفقه الاسلامي |
| 650 | 1 | 7 | _aأصول الفقه |
| 700 | 1 | _aالأبنودي، عبد الستار عبد السميع | |
| 942 |
_2ddc _cREF |
||
| 999 |
_c131340 _d131340 |
||